Представление документа в формате MARC21

Поле Инд. ПП Название Значение
Тип записи a
Библиографический уровень m
001 Контрольный номер 61f0c013-1ea6-4c91-abd1-0104af5c0985
005 Дата корректировки 20140226163109.4
008 Кодируемые данные 001011 d
020 a ISBN 5-03-000296-0 (в пер.)
c Цена, тираж 6.60; 46.00
020 a ISBN 5-03-000295-2
040 a Служба первич. каталог. RU-RKP
040 a Служба первич. каталог. НБ ТвГУ
041 a Код языка текста rus
080 a Индекс УДК 58
084 a Индекс другой классификации/Индекс ББК Е5
090 x Авторский знак Р35
a Полочн. индекс Е5
100 1_ a Автор Рейвн Питер
245 10 a Заглавие Современная ботаника
n Номер части/ раздела Т. 1
b Продолж. заглавия В 2 т.
c Ответственность П. Рейвн, Р. Эверт, С. Айкхорн; Пер. с англ. В. Н. Гладковой и др.; Под ред. А. Л. Тахтаджяна
260 0_ a Место издания Москва
b Издательство Мир
c Дата издания 1990
300 a Объем 347 с.
b Иллюстрации/ тип воспроизводства ил.
c Размеры 30 см
500 a Примечание Перевод изд.: Biology of plants / Peter H. Raven, Ray F. Evert, Susan E. Eichhorn (Worth publ.).
504 a Библиография Библиогр. в конце глав
650 a Основная рубрика Ботаника
653 a Ключевые слова Ботаника
700 1_ a Другие авторы Эверт Рэй
e Роль лиц авт.
700 1_ a Другие авторы Айкхорн Сьюзн
e Роль лиц авт.
700 1_ a Другие авторы Тахтаджян Армен Леонович
e Роль лиц ред.
700 1_ a Другие авторы Гладкова В. Н.
e Роль лиц пер.
852 t Порядковый номер экземпляра 2
p Инвентарный номер 616320
p Инвентарный номер 616321
954 a Дата поступления на обработку 20010907
999 a Подразделение 2 Фил3